Manual de historia de la educación. (Registro nro. 61830)

Detalles MARC
000 -LEADER
campo de control de longitud fija 00542 a2200193 04500
003 - IDENTIFICADOR DE NÚMERO DE CONTROL
campo de control PE-LiUPU
005 - FECHA Y HORA DE LA ÚLTIMA TRANSACCIÓN
campo de control 20230606111356.0
008 - DATOS DE LONGITUD FIJA--INFORMACIÓN GENERAL
campo de control de longitud fija 050518s1965 spa d
040 ## - FUENTE DE CATALOGACIÓN
Lengua de catalogación spa
Centro/agencia transcriptor PE-LiUPU
Centro/agencia modificador PE-LiUPU
Normas de descripción rda
082 04 - NÚMERO DE LA CLASIFICACIÓN DECIMAL DEWEY
Número de clasificación 370.9
Número de edición 20
Cutter C196m
100 1# - ENTRADA PRINCIPAL--NOMBRE DE PERSONA
Nombre de persona Campillo Cuauhtli, Héctor
Término indicativo de función/relación autor.
245 10 - MENCIÓN DEL TÍTULO
Título Manual de historia de la educación.
250 ## - MENCION DE EDICION
Mención de edición 6a ed. Rev.
260 ## - PUBLICACIÓN, DISTRIBUCIÓN, ETC.
Lugar de publicación, distribución, etc. México :
Nombre del editor, distribuidor, etc. Fernández Editores,
Fecha de publicación, distribución, etc. 1965
300 ## - DESCRIPCIÓN FÍSICA
Extensión 319 p. ; 18 cm.
650 14 - PUNTO DE ACCESO ADICIONAL DE MATERIA--TÉRMINO DE MATERIA
Término de materia o nombre geográfico como elemento de entrada Educación
650 14 - PUNTO DE ACCESO ADICIONAL DE MATERIA--TÉRMINO DE MATERIA
Término de materia o nombre geográfico como elemento de entrada Historia.
942 ## - ELEMENTOS DE ENTRADA SECUNDARIOS (KOHA)
Tipo de ítem Koha Libros físicos
Fuente del sistema de clasificación o colocación Clasificación Decimal Dewey
Suprimir en OPAC No
980 ## - EQUIVALENCIA O REFERENCIA-CRUZADA-MENCIÓN DE SERIE--NOMBRE DE PERSONA/TÍTULO [LOCAL, CANADÁ]
ID del usuario creador del registro 23148
Nombre del creador del registro Análisis Documental EVILA ACOSTA
ID del último usuario que modificó el registro 23148
Nombre del último usuario que modificó el registro Análisis Documental EVILA ACOSTA

No hay ítems disponibles.